Online
Catalog

Debate económico dominicano : (Record no. 14893)

MARC details
000 -CABECERA
campo de control de longitud fija 02166nam a2200241 a 4500
001 - NÚMERO DE CONTROL
campo de control 000015327
005 - FECHA Y HORA DE LA ÚLTIMA TRANSACCIÓN
campo de control 20250207101102.0
008 - DATOS DE LONGITUD FIJA--INFORMACIÓN GENERAL
campo de control de longitud fija 100205s2001 dr 001 0 spa d
040 ## - FUENTE DE LA CATALOGACIÓN
Centro catalogador/agencia de origen DO-SdBNP
Lengua de catalogación spa
Centro/agencia transcriptor BNPHU
082 ## - NÚMERO DE LA CLASIFICACIÓN DECIMAL DEWEY
Número de clasificación 330.97293
Número de documento/Ítem T266d
100 1# - ENTRADA PRINCIPAL--NOMBRE DE PERSONA
Nombre de persona Tejera, Eduardo J
Numeración 1947-
9 (RLIN) 10749
245 10 - MENCIÓN DE TÍTULO
Título Debate económico dominicano :
Resto del título ensayos y artículos 1997-2001 /
Mención de responsabilidad, etc. Eduardo J. Tejera.
260 ## - PUBLICACIÓN, DISTRIBUCIÓN, ETC.
Lugar de publicación, distribución, etc. Santo Domingo :
Nombre del editor, distribuidor, etc. Solar,
Fecha de publicación, distribución, etc. 2001.
300 ## - DESCRIPCIÓN FÍSICA
Extensión 281 p. ;
Dimensiones 23 cm.
500 ## - NOTA GENERAL
Nota general Incluye datos biográficos del autor en la solapa de la cubierta
505 0# - NOTA DE CONTENIDO CON FORMATO
Nota de contenido con formato Año 2001 -- Sugerencias sobre la reactivación económica -- El dilema de los bonos soberanos y el endeudamiento externo -- Dilemas de la política monetaria y crediticia -- El dilema fiscal de la economía -- Sobre el estado de la economía -- Historia de los recientes programas de ajustes económicos /ensayo -- Año 2000 -- La nueva reforma monetaria y financiera -- Sugerencias sobre el mecanismo de reintegro de los impuestos al combustible de las plantas generadoras -- Reforma arancelaria y tributaria : una propuesta intermedia -- Año 1999 -- El momento de aprobar las reformas --Año 1998 -- La nueva reforma arancelaria y tributaria -- El dilema del proyecto de ley general de energía -- El significado de la nueva moneda El Euro para el sector privado dominicano / Charla -- El estado de la economía -- La importancia del turismo y sus problemas -- Reformas y/o diálogo? -- Proyecto de ley de mercado de valores -- Desarrollo industrial y agropecuario -- Año 1997 -- Que las reformas económicas no se detengan -- Requisitos para la globalización -- Retomando la política económica -- Todo está en venta: las virtudes y límites del mercado.
590 ## - NOTA LOCAL (RLIN)
Nota local Inventariado, 2018/VM
650 #4 - PUNTO DE ACCESO ADICIONAL DE MATERIA--TÉRMINO DE MATERIA
Término de materia o nombre geográfico como elemento de entrada Política monetaria
Subdivisión geográfica República Dominicana
Subdivisión general Ensayos, conferencias, etc.
9 (RLIN) 34654
650 #4 - PUNTO DE ACCESO ADICIONAL DE MATERIA--TÉRMINO DE MATERIA
Término de materia o nombre geográfico como elemento de entrada Reforma arancelaria
Subdivisión general Ensayos, conferencias, etc.
9 (RLIN) 34655
651 #4 - PUNTO DE ACCESO ADICIONAL DE MATERIA--NOMBRE GEOGRÁFICO
Nombre geográfico República Dominicana
Subdivisión general Condiciones Económicas
-- Ensayos, Conferencias, Etc.
9 (RLIN) 2598
651 #4 - PUNTO DE ACCESO ADICIONAL DE MATERIA--NOMBRE GEOGRÁFICO
Nombre geográfico República Dominicana
Subdivisión general Política Económica
-- Ensayos, Conferencias, Etc.
9 (RLIN) 1168
910 ## - DATOS DE OPCIÓN DEL USUARIO (OCLC)
Datos de opción del usuario Validado. Control de calidad MFF
Holdings
Estado de retiro Estado de pérdida Restricciones de uso No para préstamo Código de colección Localización permanente Ubicación/localización actual Ubicación en estantería Fecha de adquisición Número de inventario Total de préstamos Signatura topográfica completa Código de barras Fecha visto por última vez Número de copia Precio válido a partir de Tipo de ítem Koha
        Dominicana de Servicio General General Depósito 05.02.2010 LF1   330.97293 T266d 15327-30 25.06.2020 e. 3 25.06.2020 Libro y Folleto Colección Dominicana de Servicio
        Dominicana de Servicio General General Depósito 05.02.2010 LF1   330.97293 T266d 15327-40 25.06.2020 e. 4 25.06.2020 Libro y Folleto Colección Dominicana de Servicio
        Dominicana de Servicio General General Depósito 12.02.2015 LF1   330.97293 T266d 15327-50 25.06.2020 e. 5 25.06.2020 Libro y Folleto Colección Dominicana de Servicio
      Excluido de préstamo Patrimonio Dominicano Patrimonio Dominicano Patrimonio Dominicano Depósito 05.02.2010 LF1   330.97293 T266d 15327-10 25.06.2020   25.06.2020 Libro y Folleto Colección Patrimonio Dominicano
      Excluido de préstamo Patrimonio Dominicano Patrimonio Dominicano Patrimonio Dominicano Depósito 05.02.2010 LF1   330.97293 T266d 15327-20 25.06.2020 e. 2 25.06.2020 Libro y Folleto Colección Patrimonio Dominicano

Powered by Koha